000 01178nam0a22003371 4500
001 v19\rc\1396242
005 20250618095335.0
035 _a(NLR Aleph) 004527526
090 _a1822928
_c1822928
100 _a20060512d1870 |||y0rusy50 ca
101 0 _arus
102 _aRU
105 _aa z |||||
200 1 _aО чае и его приготовлении русскими в Китае
_e[С карт.]
_fСост. К.А. Попов, коммерции советник
210 _aМосква
_cтип. И.Н. Кушнерева
_d1870
215 _a36 с.
_cил.
_d21
300 _aКарта отсутствует
700 1 _4220
_aПопов
_bК. А.
_cкупец, промышленник, обществ. деятель
_f1814-1879
_gКонстантин Абрамович
_9226486
_3RU\NLR\AUTH\770226542
801 0 _aRU
_bNLR
_gpsbo
801 0 _aRU
_bRuMoRGB
_2psbo
801 1 _aRU
_bProSoft-M
_2rusmarc
852 _aNLR
_j18.124.4.134
899 _aRuMoRGB
_jA 182/24
899 _aRuMoRGB
_jM 69/154
899 _aБАН
899 _aНБ СПбГУ
899 _aГПИБ
899 _aНБ МГУ
942 _cBOOK
980 _aNB